000 00888nam a2200253 i 4500
001 9168
003 ES-MaACL
005 20251216165938.0
007 t|
008 930521s1988 sp ||||1| cat d
080 _a061.43(467.33)"1988":7 Miró
080 _a7 Miró, Joan
080 _a75(46)"1893/1983"Miró, Joan
245 0 0 _aJoan Miró
_b: pintura, gravat, litografía : Caixa d'Estalvis Provincial d'Alacant, març 1988.
260 _aAlacant :
_bFons Editorial de la Caixa d'Estalvis Provincial d'Alacant,
_c1988.
300 _a35 p. :
_bprincipalmente il. ;
_c25 cm.
600 0 4 _aMiró, Joan,
_d1893-1983-
_vExposiciones
_981605
655 7 _2tgfbne
_9193628
_aCatálogos de exposiciones
700 1 _aMiró, Joan.
_981604
710 2 _aCaja de Ahorros Provincial de Alicante.
_92280
852 _aES-MaACL
_jL-16635
_bR.115038
942 _2udc
999 _c9168
_d9168